|
|
|
|
| LEADER |
00000nab a2200000 a 4500 |
| 001 |
vtls000911374 |
| 003 |
SK-MaSNL |
| 005 |
20260304030506.0 |
| 008 |
040720e20000814xo 0 slo |
| 035 |
|
|
|a KE20293
|
| 040 |
|
|
|a KEVKJB
|b slo
|c KEVKJB
|e AACR2
|
| 041 |
0 |
|
|a slo
|
| 044 |
|
|
|a xo
|c SK
|
| 080 |
|
|
|a 797.551
|2 1981
|
| 100 |
1 |
|
|a Seman, Samo
|4 aut
|9 877257
|
| 245 |
1 |
0 |
|a Pristál na poli pri Moldave nad Bodvou
|b Maďarský občan narušil vzdušný priestor SR
|
| 650 |
0 |
7 |
|a letectvo
|2 KEVKJB
|9 23632
|
| 650 |
0 |
7 |
|a bezmotorové lietadlá
|2 KEVKJB
|9 86855
|
| 650 |
0 |
7 |
|a občania madarskí
|2 KEVKJB
|9 1308852
|
| 650 |
0 |
7 |
|a preteky nelegálne
|2 KEVKJB
|9 1308853
|
| 651 |
|
7 |
|a Košice (Slovensko)
|2 KEVKJB
|9 18694
|
| 651 |
|
7 |
|a KS,
|2 KEVKJB
|9 880381
|
| 655 |
|
7 |
|a periodikum
|2 snkbucl
|9 29553
|
| 773 |
0 |
8 |
|t Korzár
|g Roč. 3, č.187, 14.8.2000, s. 3
|
| 852 |
|
|
|a ZVYKNI
|b KIS3GCP
|
| 999 |
|
|
|c 2634331
|d 2636261
|